000 00819cam a2200229 ia4500
003 SA-RiAUC
005 20241202145134.0
008 241104s2004 le g 000 0 ara c
040 _aSA-MuMU
_bara
_cSA-RiAUC
_erda
082 0 4 _a251
_qSA-RiAUC
090 _a251
_bم ظ ف
100 1 _aالمظفر، محمد رضا بن محمد،
_d1322-1384 هجري
_eمؤلف.
245 1 0 _aأصول الفقه /
_cتأليف محمد رضا المظفر.
264 1 _aبيروت :
_bمؤسسة التاريخ العربي،
_c2004
300 _a4 مجلد في 2
336 _aنص
_btxt
_2rdacontent
_3كتاب
337 _aبدون وسيط
_bn
_2rdamedia
338 _aمجلد
_bnc
_2rdacarrier
650 7 _aأصول الفقه الإسلامي
_2aucsh
942 _2ddc
_cBOOK
_n0
949 _aSA-JeALM
_d241104
_ueid123
_n1
999 _c2045
_d2045